000 00493nam a2200181Ia 4500
001 7531
005 20260306160502.0
008 260306t2015||||xx |||||||||||||| ||spa||
041 _aESP
082 _a339.2
_bP644
100 _aPiketty, Thomas
_eAUT
245 0 _aLa economía de las desigualdades:
_bcómo implementar una redistribución justa y eficaz de la riqueza
260 _c2015
300 _a182 páginas :
_c22 cm.
650 _aGEN
654 _aCAN
942 _cLIB
_dJUS
_fJUS
_2ddc
_n
999 _c7531
_d7531